| 000 | 02352nam a2200541 i 4500 | ||
|---|---|---|---|
| 001 | 49682 | ||
| 003 | KOSZ 005 | ||
| 005 | 20240405063154.0 | ||
| 008 | 110411s1999 pl a 100 0 pol d | ||
| 020 | _a8385369457 | ||
| 040 |
_cKOSZ 005/HR _aKOSZ 005/HR _dKOSZ 005/HR |
||
| 041 | 1 |
_apol _hger |
|
| 046 | _k1999 | ||
| 080 | _a338.22(438-22) | ||
| 080 | _a338.22(430-22) | ||
| 080 | _a339.92(4-67) | ||
| 080 | _a(06) | ||
| 245 | 0 | 0 |
_aAktywizacja gospodarcza terenów wiejskich na pograniczu polsko-niemieckim w świetle procesów integracyjnych z Unią Europejską / _cpod red. Marka Kłodzińskiego ; Polska Akademia Nauk. Instytut Rozwoju Wsi i Rolnictwa, Akademia Rolnicza w Szczecinie. Katedra Rozwoju Terenów Wiejskich i Gospodarki Żywnościowej, Katedra Polityki Gospodarczej i Rynku. |
| 260 |
_aWarszawa : _bPAN Instytut Rozwoju Wsi i Rolnictwa, _c1999. |
||
| 300 |
_a214 s., [8] s. tabl. kolor. : _bil. ; _c24 cm. |
||
| 336 |
_2rdacontent _aTekst _btxt |
||
| 337 |
_2rdamedia _aBez urządzenia pośredniczącego _bn |
||
| 338 |
_2rdacarrier _aWolumin _bnc |
||
| 380 | _aKsiążki | ||
| 388 | _a1901-2000 | ||
| 388 | _a1989-2000 | ||
| 490 | 1 | _aProblemy Rozwoju Wsi i Rolnictwa. | |
| 500 | _aMateriały na konferencję polsko-niemiecką, Szczecin 28 września 1999 r. | ||
| 504 | _aBibliogr. s. 82, 127-128. | ||
| 546 | _aTekst częśc. tł. z niem. | ||
| 648 | 7 | _a1901-2000 | |
| 648 | 7 | _a1989-2000 | |
| 650 | 4 | _aGospodarka | |
| 650 | 4 | _aIntegracja europejska | |
| 650 | 4 | _aRegiony przygraniczne | |
| 650 | 4 | _aWsie | |
| 651 | 7 | _aNiemcy | |
| 651 | 7 | _aPolska | |
| 655 | 4 | _aMateriały konferencyjne | |
| 658 | _aGospodarka, ekonomia, finanse | ||
| 700 | 1 |
_aKłodziński, Marek _d(1938- ) _eRedakcja |
|
| 710 | 2 | _aKatedra Rozwoju Obszarów Wiejskich i Gospodarki Żywnościowej (Akademia Rolnicza ; Szczecin) | |
| 710 | 2 | _aKatedra Polityki Gospodarczej i Rynku (Akademia Rolnicza ;Szczecin) | |
| 830 | 0 | _aProblemy Rozwoju Wsi i Rolnictwa | |
| 856 |
_uhttp://koha.tu.koszalin.pl/cgi-bin/koha/opac-detail.pl?biblionumber=49682 _yKatalog online BPK |
||
| 942 |
_cKS _2UKD |
||
| 999 |
_c49682 _d49682 |
||